000 00250nam a2200097Ia 4500
001 1207042
005 20250827022817.0
008 250824s9999 xx 000 0 und d
245 0 _aYEDİNCİ GÜN
_cİHSAN OKTAY ANAR
260 _bİLETİŞİM YAYINLARI
999 _c1207042
_d1207042